A híres csetneki magyar csipke újjáéledése Vághy Ida egy foszladozó szélű csipketöredék felfejtésével megfejtette a Szontagh nővérek által kifejlesztett technika alapjait ...

Bibliographic Details
Main Author: Kovács, Ágnes, 1971- (Author)
Format: Article
Language:Hungarian
PhysicalDescription:Fotogr.
ISSN:1335-7050
Subjects:

MARC

LEADER 00000nab a2200000 ar4500
001 vtls009295006
003 SK-MaSNL
005 20260319070734.0
008 080516c20080423xo |||||||| 000 b|hun
015 |a SNBRB2008/05  |2 snkbucl 
038 |a SNKBUCL 
040 |a DSZK  |b slo  |c DSZK  |e AACR2 
041 0 |a hun 
044 |a xo  |c SK 
080 |a 746.2  |x (437.6)  |x (091)  |2 1997 
100 1 |a Kovács, Ágnes,  |d 1971-  |4 aut  |9 751589 
245 1 0 |a A híres csetneki magyar csipke újjáéledése  |b Vághy Ida egy foszladozó szélű csipketöredék felfejtésével megfejtette a Szontagh nővérek által kifejlesztett technika alapjait ...  |c Kovács Ágnes 
300 |b Fotogr. 
500 |a Putovná výstava štítnického čipkárstva v Banskom múzeu v Rožňave 
500 |a Dodatok k článku Adalék a csetneki csipkéről szóló cikkhez / Varga József. - Új szó. - Év. 61, sz. 111 (14.5.2008), o. 28. - Mell.: Szülőföldünk. - Évf. 5, sz. 20 (2008) 
600 1 7 |a Szontagh, Erzsébet,  |d 1856-1917  |2 snkbucl  |9 1044534 
600 1 7 |a Szontagh, Aranka,  |d 1858-1950  |2 snkbucl  |9 1044535 
600 1 7 |a Medgyesiné Vághy, Ida  |2 snkbucl  |9 1044536 
650 0 7 |a čipka  |2 SNKPH  |9 93556 
650 0 7 |a štítnická čipka  |2 SNKPH  |9 1044537 
650 0 7 |a čipkárstvo  |2 SNKPH  |9 18413 
651 7 |a Štítnik (Slovensko)  |2 snkbucl  |9 18458 
773 0 |t Új szó  |g Évf. 61, sz. 95 (23.4.2008), o. 32  |x 1335-7050 
773 0 8 |i Mell.:  |t Szülőföldünk  |g Évf. 5, sz. 17 (2008) 
852 |a SNK  |b KIS3GCP 
852 |a DSZK  |b KIS3GCP 
958 |a HU 
958 |a SK 
999 |c 1716821  |d 1718751